[Event "XIII OGOLNOPOLSKA OLIMPIADA MLODZIEZY -"]
[Site "Turawa"]
[Date "2007.04.29"]
[Round "4.15"]
[White "Kaleta, Blazej"]
[Black "Golinski, Damian"]
[Result "0-1"]
[WhiteElo "1899"]
[BlackElo "1828"]
[PlyCount "92"]
[EventDate "2007.??.??"]

1. d4 d5 2. c4 dxc4 3. Nc3 Nf6 4. e3 e6 5. Bxc4 a6 6. Nf3 b5 7. Be2 Bb7 8. a3
Be7 9. O-O Nbd7 10. b4 O-O 11. Bb2 Nd5 12. Nxd5 Bxd5 13. Qc2 f5 14. Nd2 Bd6 15.
Bf3 Qe7 16. e4 fxe4 17. Bxe4 Bxe4 18. Nxe4 Nb6 19. Rae1 Nc4 20. Bc1 a5 21. Ng5
g6 22. Nxe6 Rfe8 23. Qe4 axb4 24. axb4 Bxb4 25. Re2 Ra6 26. d5 Qd7 27. Bb2 Rd6
28. Qd4 Nxb2 29. Qxb2 Rxd5 30. Nf4 Rxe2 31. Qxe2 Rd2 32. Qf3 c5 33. g3 c4 34.
Re1 Bc5 35. Re2 Rxe2 36. Qxe2 c3 37. Kf1 Qc6 38. Qc2 b4 39. Ke2 Qb5+ 40. Qd3
Qe8+ 41. Kd1 Qa4+ 42. Kc1 Qa1+ 43. Kc2 Qa2+ 44. Kd1 Qf7 45. f3 Qb3+ 46. Kc1
Be3+ 0-1

[Event "XIII OGOLNOPOLSKA OLIMPIADA MLODZIEZY -"]
[Site "Turawa"]
[Date "2007.04.29"]
[Round "4.16"]
[White "Leczycki, Pawel"]
[Black "Weichhold, Pawel"]
[Result "0-1"]
[WhiteElo "1826"]
[BlackElo "1897"]
[PlyCount "76"]
[EventDate "2007.??.??"]

1. d4 Nf6 2. c4 g6 3. Nc3 Bg7 4. e4 d6 5. Nf3 O-O 6. Be2 Nbd7 7. O-O e5 8. Be3
Ng4 9. Bg5 f6 10. Bd2 Nh6 11. d5 Nf7 12. Ne1 f5 13. f3 f4 14. b4 Nf6 15. c5 h5
16. c6 b6 17. a4 a6 18. a5 b5 19. Nxb5 axb5 20. Bxb5 g5 21. Bd3 g4 22. fxg4
hxg4 23. g3 fxg3 24. hxg3 Nh5 25. Kg2 Ng5 26. Rxf8+ Bxf8 27. b5 Nh3 28. Rb1 Qf6
29. Qe2 Rxa5 30. Bxa5 N3f4+ 31. gxf4 Nxf4+ 32. Kg1 Nxe2+ 33. Bxe2 Bh6 34. Ng2
g3 35. Rf1 Bf4 36. Nxf4 exf4 37. Kg2 Qe5 38. Rf3 Bh3+ 0-1

[Event "XIII OGOLNOPOLSKA OLIMPIADA MLODZIEZY -"]
[Site "Turawa"]
[Date "2007.04.29"]
[Round "4.17"]
[White "Grzesiak, Filip"]
[Black "Lukasiewicz, Aleksander"]
[Result "1/2-1/2"]
[WhiteElo "1896"]
[BlackElo "1816"]
[PlyCount "82"]
[EventDate "2007.??.??"]

1. e4 e5 2. Nc3 Nf6 3. f4 d5 4. fxe5 Nxe4 5. Nf3 Bg4 6. d3 Nc5 7. d4 Ne4 8. a3
c5 9. Bb5+ Nc6 10. Be3 Qa5 11. Bd2 Qb6 12. Nxd5 Qd8 13. Ne3 Nxd2 14. Nxg4 Nxf3+
15. Qxf3 Qa5+ 16. c3 Qxb5 17. Rf1 O-O-O 18. d5 Na5 19. b4 Nc4 20. Qxf7 Qd7 21.
d6 Qxf7 22. Rxf7 Rd7 23. Rf4 h5 24. Rxc4 hxg4 25. bxc5 Rxh2 26. Kf2 Rh6 27. Rf4
Rd8 28. Rf7 Re6 29. Rb1 b6 30. cxb6 a6 31. b7+ Kb8 32. Rb6 Bxd6 33. exd6 Rexd6
34. Rxd6 Rxd6 35. Ke3 g6 36. Ke4 g3 37. Rg7 Rd2 38. Rxg6 Rxg2 39. Rxa6 Kxb7 40.
Rg6 Ra2 41. Rxg3 Rxa3 1/2-1/2

[Event "XIII OGOLNOPOLSKA OLIMPIADA MLODZIEZY -"]
[Site "Turawa"]
[Date "2007.04.29"]
[Round "4.18"]
[White "Raczynski, Milosz"]
[Black "Zielinski, Wojciech"]
[Result "0-1"]
[WhiteElo "1563"]
[BlackElo "1886"]
[PlyCount "66"]
[EventDate "2007.??.??"]

1. e4 e6 2. d4 d5 3. Nc3 Nf6 4. Bg5 Be7 5. e5 Nfd7 6. Bxe7 Qxe7 7. Nf3 a6 8.
Qd2 c5 9. dxc5 Nc6 10. Qf4 Nxc5 11. O-O-O f6 12. exf6 Qxf6 13. Qd6 Qe7 14.
Qxe7+ Kxe7 15. g3 Rf8 16. Bg2 b5 17. a3 Kf7 18. b4 Nb7 19. Kb2 Kg8 20. Rd2 Nd6
21. Kb3 Nc4 22. Re2 a5 23. Nb1 axb4 24. axb4 Rxf3+ 25. Bxf3 Nd4+ 26. Kc3 Nxf3
27. h4 e5 28. Rd1 d4+ 29. Kb3 Be6 30. Rh1 Nfd2+ 31. Rxd2 Nxd2+ 32. Kb2 Nxb1 33.
Kxb1 Bf5 0-1

[Event "XIII OGOLNOPOLSKA OLIMPIADA MLODZIEZY -"]
[Site "Turawa"]
[Date "2007.04.29"]
[Round "4.22"]
[White "Kropidlowski, Maciej"]
[Black "Ancuta, Adam"]
[Result "0-1"]
[WhiteElo "1750"]
[BlackElo "1817"]
[PlyCount "70"]
[EventDate "2007.??.??"]

1. e4 e5 2. Bc4 Bc5 3. d3 Nc6 4. Nc3 d6 5. Nge2 Nf6 6. O-O O-O 7. Bg5 Be6 8.
Bb3 Nd4 9. Na4 Bg4 10. Nac3 b5 11. Qd2 b4 12. Nxd4 bxc3 13. bxc3 exd4 14. cxd4
Bxd4 15. c3 Bb6 16. Kh1 h6 17. Bh4 Nxe4 18. dxe4 Qxh4 19. Bd5 Rad8 20. f3 Be6
21. g3 Qf6 22. c4 Bh3 23. f4 Bxf1 24. Rxf1 Qd4 25. Qe2 Rb8 26. f5 Qf6 27. Qh5
Bd4 28. g4 Rb2 29. Qh3 Be5 30. Qf3 Qh4 31. h3 Rh2+ 32. Kg1 Rxh3 33. Qg2 Rg3 34.
Qxg3 Qxg3+ 35. Kh1 Qh2# 0-1

[Event "XIII OGOLNOPOLSKA OLIMPIADA MLODZIEZY -"]
[Site "Turawa"]
[Date "2007.04.29"]
[Round "4.23"]
[White "Brzezinski, Mateusz"]
[Black "Grabowski, Adam"]
[Result "1/2-1/2"]
[WhiteElo "1643"]
[BlackElo "1793"]
[PlyCount "66"]
[EventDate "2007.??.??"]

1. c4 e5 2. Nc3 Nc6 3. g3 Nf6 4. Bg2 Bc5 5. a3 a5 6. e3 d6 7. Nge2 O-O 8. O-O
Bf5 9. d4 exd4 10. Nxd4 Bxd4 11. exd4 h6 12. Bf4 Qd7 13. Re1 Bh3 14. Qd2 Bxg2
15. Kxg2 Rfe8 16. Rad1 Ne7 17. Qd3 Ng6 18. Bc1 Qg4 19. Rxe8+ Rxe8 20. h3 Qe6
21. b4 axb4 22. axb4 d5 23. c5 Ne4 24. Re1 Kf8 25. Re2 Qf5 26. f3 Nxg3 27.
Rxe8+ Kxe8 28. Qe3+ Kd7 29. Kxg3 Ne7 30. Qf4 Qd3 31. Bd2 Qf1 32. h4 Qg1+ 33.
Kh3 Qh1+ 1/2-1/2

[Event "XIII OGOLNOPOLSKA OLIMPIADA MLODZIEZY -"]
[Site "Turawa"]
[Date "2007.04.30"]
[Round "5.1"]
[White "Lis, Marek"]
[Black "Strzemiecki, Zbigniew"]
[Result "1/2-1/2"]
[WhiteElo "1968"]
[BlackElo "2285"]
[PlyCount "48"]
[EventDate "2007.??.??"]

1. e4 e6 2. d4 d5 3. e5 c5 4. c3 Qb6 5. Nf3 Nc6 6. Be2 cxd4 7. cxd4 Nge7 8. Na3
Nf5 9. Nc2 Bb4+ 10. Kf1 Be7 11. Qd3 Bd7 12. b3 Rc8 13. g4 Nh4 14. Nxh4 Bxh4 15.
Be3 Be7 16. Kg2 O-O 17. g5 a6 18. Rhc1 Nb4 19. Nxb4 Bxb4 20. a4 Qa5 21. h4 Bc3
22. Ra2 Bb5 23. Qc2 Bxe2 24. Qxe2 Rc6 1/2-1/2

[Event "XIII OGOLNOPOLSKA OLIMPIADA MLODZIEZY -"]
[Site "Turawa"]
[Date "2007.04.30"]
[Round "5.2"]
[White "Swiercz, Dariusz"]
[Black "Matuszewski, Michal"]
[Result "1-0"]
[WhiteElo "2248"]
[BlackElo "2136"]
[PlyCount "65"]
[EventDate "2007.??.??"]

1. Nf3 Nf6 2. c4 e6 3. d4 Bb4+ 4. Bd2 Qe7 5. g3 Nc6 6. Nc3 Bxc3 7. Bxc3 d6 8.
Bg2 O-O 9. O-O Ne4 10. Qc2 Nxc3 11. Qxc3 e5 12. d5 Nb8 13. e4 f5 14. exf5 Bxf5
15. Nh4 Bg4 16. Rae1 Nd7 17. f3 g5 18. fxg4 gxh4 19. Be4 a5 20. Bf5 Nc5 21.
gxh4 Qxh4 22. Re3 Rf7 23. Rh3 Qe7 24. Qd2 Rg7 25. Rh5 a4 26. Rf3 Rf8 27. Qh6
Nd7 28. Rfh3 Nf6 29. R5h4 Kf7 30. Be6+ Ke8 31. Ra3 Ne4 32. Rxa4 Qg5 33. Bf7+
1-0

[Event "XIII OGOLNOPOLSKA OLIMPIADA MLODZIEZY -"]
[Site "Turawa"]
[Date "2007.04.30"]
[Round "5.3"]
[White "Kanarek, Marcel"]
[Black "Wieczorek, Oskar"]
[Result "1/2-1/2"]
[WhiteElo "2225"]
[BlackElo "2125"]
[PlyCount "80"]
[EventDate "2007.??.??"]

1. e4 e5 2. Nf3 Nf6 3. Nc3 Nc6 4. g3 Bc5 5. Bg2 d6 6. O-O O-O 7. h3 Re8 8. d3
Be6 9. Kh2 h6 10. Na4 Bb6 11. Nxb6 axb6 12. b3 b5 13. Bb2 Bd7 14. Re1 Ne7 15.
d4 Ng6 16. a3 Qe7 17. Qd2 c5 18. dxc5 dxc5 19. Qc3 Bc6 20. Nd2 Rad8 21. a4 bxa4
22. bxa4 Rd4 23. a5 Red8 24. Bc1 h5 25. Qe3 c4 26. Qe2 Qb4 27. Rb1 Qxa5 28. c3
Qxc3 29. Nf1 Qd3 30. Qa2 Bxe4 31. Bg5 Bxg2 32. Bxf6 gxf6 33. Kxg2 c3 34. Rxb7
Qc4 35. Qa7 c2 36. Rc7 Qd5+ 37. Kh2 Rd1 38. Ne3 Qd4 39. Qxd4 R1xd4 40. Rxc2 Rd2
1/2-1/2

[Event "XIII OGOLNOPOLSKA OLIMPIADA MLODZIEZY -"]
[Site "Turawa"]
[Date "2007.04.30"]
[Round "5.4"]
[White "Witek, Pawel"]
[Black "Kowalczyk, Rafal"]
[Result "1/2-1/2"]
[WhiteElo "1985"]
[BlackElo "1948"]
[PlyCount "91"]
[EventDate "2007.??.??"]

1. d4 Nf6 2. Nf3 g6 3. c4 Bg7 4. Nc3 O-O 5. Bg5 c5 6. d5 d6 7. e3 a6 8. a4 h6
9. Bh4 Bg4 10. Be2 Qb6 11. Ra3 Nbd7 12. Rb3 Qc7 13. Qc2 Bf5 14. e4 Bg4 15. Nd2
Bxe2 16. Nxe2 g5 17. Bg3 Nh5 18. h4 g4 19. O-O Be5 20. Bxe5 Nxe5 21. f4 Ng6 22.
Ng3 Ngxf4 23. Nxh5 Nxh5 24. Rf5 Ng7 25. Rf4 Qd7 26. Rg3 h5 27. Re3 f6 28. a5
Qc7 29. Ra3 Rae8 30. Nf1 e5 31. Rf2 Kh7 32. Ng3 Kg6 33. Nf5 Nxf5 34. Rxf5 Rb8
35. Qe2 Qg7 36. Rb3 Rfd8 37. Rb6 Rbc8 38. g3 Rc7 39. Qf2 Rf7 40. Qc2 Qh6 41.
Qc3 Rc7 42. Kf2 Rdd7 43. Ke2 Kf7 44. Qe3 Qxe3+ 45. Kxe3 Kg6 46. Kd3 1/2-1/2

[Event "XIII OGOLNOPOLSKA OLIMPIADA MLODZIEZY -"]
[Site "Turawa"]
[Date "2007.04.30"]
[Round "5.5"]
[White "Klepaczka, Tomasz"]
[Black "Krzyzanowski, Marcin"]
[Result "0-1"]
[WhiteElo "1953"]
[BlackElo "2229"]
[PlyCount "90"]
[EventDate "2007.??.??"]

1. e4 e5 2. Nf3 Nc6 3. Bb5 a6 4. Ba4 Nf6 5. d3 d6 6. O-O Be7 7. c3 b5 8. Bb3
O-O 9. Re1 Na5 10. Bc2 c5 11. Nbd2 h6 12. Nf1 Re8 13. h3 Bf8 14. Ng3 g6 15. Be3
Bg7 16. Qd2 Kh7 17. b4 cxb4 18. cxb4 Nc6 19. a4 Bb7 20. Bb3 Qd7 21. Rec1 Rac8
22. a5 Ng8 23. d4 exd4 24. Nxd4 Nf6 25. f3 Ne5 26. Rxc8 Rxc8 27. Rc1 Nc4 28.
Bxc4 bxc4 29. Nge2 d5 30. e5 Ne8 31. f4 Qe7 32. Nf3 Nc7 33. Bc5 Qd7 34. Ned4
Re8 35. Re1 f6 36. Bd6 fxe5 37. fxe5 Ne6 38. Nxe6 Qxe6 39. Qd4 Qxd6 40. exd6
Bxd4+ 41. Nxd4 Rxe1+ 42. Kf2 Re8 43. d7 Rg8 44. Ne6 d4 45. Nxd4 Bd5 0-1

[Event "XIII OGOLNOPOLSKA OLIMPIADA MLODZIEZY -"]
[Site "Turawa"]
[Date "2007.04.30"]
[Round "5.6"]
[White "Swiech, Przemyslaw"]
[Black "Sadzikowski, Daniel"]
[Result "0-1"]
[WhiteElo "1977"]
[BlackElo "2118"]
[PlyCount "96"]
[EventDate "2007.??.??"]

1. d4 Nf6 2. c4 g6 3. Nc3 Bg7 4. e4 d6 5. Nf3 O-O 6. Be2 Nbd7 7. O-O e5 8. Bg5
h6 9. Bh4 c6 10. Rc1 Qe8 11. d5 c5 12. Bxf6 Bxf6 13. a3 Bd8 14. b4 a5 15. Rb1
axb4 16. axb4 cxb4 17. Nb5 Qe7 18. Qd2 Kh7 19. Ra1 Rxa1 20. Rxa1 Nc5 21. Qxb4
Nxe4 22. Nd2 Nxd2 23. Qxd2 Bb6 24. Ra8 Bd7 25. Rxf8 Qxf8 26. Nc3 f5 27. Qb2 Qd8
28. Bd1 Qc7 29. Ba4 Bd4 30. Bxd7 Bxc3 31. Qxc3 Qxd7 32. c5 Qa4 33. Qc1 dxc5 34.
Qb1 Kg8 35. h3 Qa6 36. Qb2 Qd6 37. Qxb7 Kf8 38. Qh7 h5 39. Qb7 Ke8 40. Kh1 Kd8
41. Kg1 e4 42. Kf1 f4 43. Ke2 Ke8 44. h4 Kd8 45. Kd2 c4 46. Kc3 Qc5 47. Qc6
Qxc6 48. dxc6 e3 0-1

[Event "XIII OGOLNOPOLSKA OLIMPIADA MLODZIEZY -"]
[Site "Turawa"]
[Date "2007.04.30"]
[Round "5.7"]
[White "Witek, Tomasz"]
[Black "Mondrzycki, Bartlomiej"]
[Result "1/2-1/2"]
[WhiteElo "2109"]
[BlackElo "1949"]
[PlyCount "84"]
[EventDate "2007.??.??"]

1. e4 c5 2. Nf3 d6 3. d4 cxd4 4. Nxd4 Nf6 5. Nc3 a6 6. f4 e6 7. Qf3 Be7 8. Be3
Qc7 9. g4 b5 10. Bd3 Bb7 11. g5 Nfd7 12. O-O-O Nc5 13. Kb1 Nbd7 14. Qh3 O-O-O
15. b4 Na4 16. Nxa4 bxa4 17. Qf1 Kb8 18. a3 Nb6 19. Rc1 Rc8 20. c4 Qd7 21. Ka2
d5 22. c5 Nc4 23. Bf2 Nd2 24. Qe2 dxe4 25. Bxa6 Qd5+ 26. Kb2 Nb3 27. Bxb7 Qxb7
28. Nxb3 axb3 29. Kxb3 Rhd8 30. Rhd1 Rxd1 31. Qxd1 Rd8 32. Qc2 Rd3+ 33. Kb2 Qd5
34. Be1 f6 35. h4 fxg5 36. hxg5 h6 37. Qc4 hxg5 38. Qb5+ Kc7 39. Qa5+ Kc8 40.
Qa6+ Kb8 41. Bc3 Bf6 42. Qb5+ Kc8 1/2-1/2

[Event "XIII OGOLNOPOLSKA OLIMPIADA MLODZIEZY -"]
[Site "Turawa"]
[Date "2007.04.30"]
[Round "5.8"]
[White "Siwiec, Arkadiusz"]
[Black "Borowicz, Przemyslaw"]
[Result "1/2-1/2"]
[WhiteElo "2025"]
[BlackElo "1926"]
[PlyCount "116"]
[EventDate "2007.??.??"]

1. e4 e6 2. d4 d5 3. Nc3 Bb4 4. e5 c5 5. a3 Bxc3+ 6. bxc3 Ne7 7. Qg4 O-O 8. Bd3
Nbc6 9. Nf3 Ng6 10. Qh5 Nce7 11. h4 c4 12. Ng5 h6 13. Nxf7 Kxf7 14. Bxg6+ Nxg6
15. Rh3 Bd7 16. Rg3 Qxh4 17. Qxg6+ Ke7 18. Qxg7+ Rf7 19. Qg4 Qxg4 20. Rxg4 Ba4
21. Bxh6 Bxc2 22. Bg5+ Kd7 23. Rh4 Be4 24. g3 a5 25. f4 Ra6 26. Rh8 Rb6 27.
Rd8+ Kc7 28. Rd6 Rxd6 29. exd6+ Kxd6 30. Ra2 Rh7 31. Bh4 Kc6 32. a4 b6 33. Kf2
Rg7 34. Ke3 Bf5 35. Rh2 Bg4 36. Bf6 Rg6 37. Bg5 Bd1 38. Ra2 b5 39. axb5+ Kxb5
40. Ra1 Bg4 41. Rb1+ Ka6 42. Rb8 Rg7 43. Ra8+ Ra7 44. Rxa7+ Kxa7 45. Kd2 Kb6
46. Kc1 Kc6 47. Be7 Kd7 48. Bc5 Ke8 49. Kd2 Kf7 50. Ke3 Kg6 51. Bb6 a4 52. Bc5
Kf5 53. Ba3 Bd1 54. Bb4 Kg4 55. Kf2 Bc2 56. Ba3 Be4 57. Bb4 Kf5 58. Ke3 Bc2
1/2-1/2

[Event "XIII OGOLNOPOLSKA OLIMPIADA MLODZIEZY -"]
[Site "Turawa"]
[Date "2007.04.30"]
[Round "5.9"]
[White "Koziej, Maciej"]
[Black "Wandzik, Wojciech"]
[Result "0-1"]
[WhiteElo "1990"]
[BlackElo "1945"]
[PlyCount "50"]
[EventDate "2007.??.??"]

1. e4 c5 2. Nf3 Nc6 3. d4 cxd4 4. Nxd4 Nf6 5. Nc3 e5 6. Ndb5 d6 7. Nd5 Nxd5 8.
exd5 Nb8 9. c4 Be7 10. Bd3 a6 11. Nc3 O-O 12. O-O f5 13. f3 Bg5 14. Rb1 Nd7 15.
b4 b6 16. Qc2 Bxc1 17. Rfxc1 Qg5 18. Qe2 e4 19. fxe4 f4 20. Qd2 Ne5 21. Be2 Bh3
22. Bd1 Nxc4 23. Qf2 f3 24. g3 Ne5 25. Bc2 Ng4 0-1

[Event "XIII OGOLNOPOLSKA OLIMPIADA MLODZIEZY -"]
[Site "Turawa"]
[Date "2007.04.30"]
[Round "5.10"]
[White "Obrusnik, Michal"]
[Black "Bokiej, Przemyslaw"]
[Result "1/2-1/2"]
[WhiteElo "1977"]
[BlackElo "2016"]
[PlyCount "123"]
[EventDate "2007.??.??"]

1. e4 e6 2. d4 d5 3. Nc3 Nf6 4. Bg5 Bb4 5. e5 h6 6. Bd2 Bxc3 7. bxc3 Ne4 8. Qg4
g6 9. Bd3 Nxd2 10. Kxd2 c5 11. Nf3 Qe7 12. h4 Bd7 13. Qf4 Bc6 14. Nh2 Nd7 15.
Ng4 O-O-O 16. f3 g5 17. hxg5 hxg5 18. Qe3 Rxh1 19. Rxh1 c4 20. Be2 Qa3 21. Qxg5
a5 22. Nh6 Rf8 23. Ng8 a4 24. Ne7+ Kc7 25. f4 Qxa2 26. Nxc6 Kxc6 27. Qe7 Kc7
28. Qd6+ Kc8 29. Qb4 b6 30. g4 a3 31. f5 exf5 32. gxf5 Qb2 33. e6 fxe6 34. fxe6
Nc5 35. dxc5 Qxb4 36. cxb4 bxc5 37. bxc5 Kc7 38. e7 Re8 39. Rh7 a2 40. Rh1 Rxe7
41. Ra1 Kc6 42. Rxa2 Kxc5 43. Ra5+ Kd4 44. c3+ Ke4 45. Ra8 d4 46. cxd4 Kxd4 47.
Rd8+ Kc5 48. Rc8+ Kd5 49. Bxc4+ Kd4 50. Bd3 Rg7 51. Rc4+ Kd5 52. Kc3 Rg3 53.
Rd4+ Kc5 54. Rh4 Rg5 55. Rc4+ Kd5 56. Kb4 Re5 57. Bf1 Ke6 58. Kc3 Kd6 59. Kd4
Rd5+ 60. Ke4 Re5+ 61. Kf4 Re8 62. Rd4+ 1/2-1/2

[Event "XIII OGOLNOPOLSKA OLIMPIADA MLODZIEZY -"]
[Site "Turawa"]
[Date "2007.04.30"]
[Round "5.11"]
[White "Weichhold, Pawel"]
[Black "Janczarski, Michal"]
[Result "1-0"]
[WhiteElo "1897"]
[BlackElo "2081"]
[PlyCount "47"]
[EventDate "2007.??.??"]

1. e4 c5 2. Nf3 a6 3. d4 cxd4 4. Nxd4 e6 5. Nc3 Qc7 6. Bd3 Nc6 7. Nb3 d6 8. O-O
Nf6 9. f4 b5 10. a3 Bb7 11. Qf3 Be7 12. Bd2 Rd8 13. Rae1 Nd7 14. Qg3 Bf6 15. e5
dxe5 16. Ne4 Ne7 17. Ba5 Nb6 18. Qf2 Nec8 19. fxe5 Bxe5 20. Ng5 Rd7 21. Rxe5 h6
22. Rxe6+ fxe6 23. Bg6+ Ke7 24. Qf7+ 1-0

[Event "XIII OGOLNOPOLSKA OLIMPIADA MLODZIEZY -"]
[Site "Turawa"]
[Date "2007.04.30"]
[Round "5.12"]
[White "Sowul, Bartosz"]
[Black "Polok, Kacper"]
[Result "1/2-1/2"]
[WhiteElo "1966"]
[BlackElo "1878"]
[PlyCount "92"]
[EventDate "2007.??.??"]

1. d4 Nf6 2. c4 e6 3. Nc3 Bb4 4. e3 b6 5. Bd3 Bb7 6. f3 O-O 7. Nge2 d6 8. O-O
Bxc3 9. bxc3 Nbd7 10. e4 e5 11. a4 a5 12. Ra2 Re8 13. Ng3 Nf8 14. Raf2 Ng6 15.
Re1 Bc8 16. c5 bxc5 17. dxc5 c6 18. Ba3 d5 19. Rd2 Qc7 20. exd5 Nxd5 21. Ne4
Be6 22. Nd6 Reb8 23. Qc2 Ndf4 24. Bc4 Nd5 25. g3 h6 26. Qd3 Qe7 27. Kh1 Nc7 28.
Bxe6 Nxe6 29. Qe3 Qg5 30. Qxg5 hxg5 31. Ne4 Rd8 32. Red1 Kf8 33. Rxd8+ Rxd8 34.
Rxd8+ Nxd8 35. Nxg5 Ke7 36. Kg2 f5 37. Kf2 Ne6 38. Nxe6 Kxe6 39. c4 Nf8 40. Bc1
Nd7 41. Be3 g5 42. Bxg5 Nxc5 43. Bd8 Nxa4 44. h4 Nb2 45. Bxa5 Nxc4 46. Bb4 Nb6
1/2-1/2

[Event "XIII OGOLNOPOLSKA OLIMPIADA MLODZIEZY -"]
[Site "Turawa"]
[Date "2007.04.30"]
[Round "5.13"]
[White "Zielinski, Wojciech"]
[Black "Adamek, Przemyslaw"]
[Result "0-1"]
[WhiteElo "1886"]
[BlackElo "1957"]
[PlyCount "64"]
[EventDate "2007.??.??"]

1. e4 e5 2. Nf3 Nc6 3. d4 exd4 4. Bc4 Bc5 5. O-O Nf6 6. e5 d5 7. exf6 dxc4 8.
Re1+ Be6 9. Ng5 Qd5 10. Nc3 Qf5 11. Nce4 Bb6 12. g4 Qg6 13. fxg7 Qxg7 14. Nxe6
fxe6 15. Bg5 O-O 16. Qe2 d3 17. Nf6+ Rxf6 18. Bxf6 Qxf6 19. Qxe6+ Qxe6 20. Rxe6
Rf8 21. cxd3 Rxf2 22. Kh1 cxd3 23. Rd1 d2 24. g5 Nd4 25. Rh6 Re2 26. Rf6 Nc2
27. Rdf1 Re1 28. Rf8+ Kg7 29. R8f7+ Kg6 30. R7f6+ Kh5 31. h4 Rxf1+ 32. Rxf1 Ne3
0-1

[Event "XIII OGOLNOPOLSKA OLIMPIADA MLODZIEZY -"]
[Site "Turawa"]
[Date "2007.04.30"]
[Round "5.14"]
[White "Golinski, Damian"]
[Black "Solnicki, Michal"]
[Result "0-1"]
[WhiteElo "1828"]
[BlackElo "1951"]
[PlyCount "80"]
[EventDate "2007.??.??"]

1. e4 c5 2. Nf3 d6 3. d4 cxd4 4. Nxd4 Nf6 5. Nc3 a6 6. h3 e6 7. g4 b5 8. a3 Bb7
9. Bg2 Be7 10. O-O Qc7 11. f4 Nc6 12. f5 Nxd4 13. Qxd4 d5 14. Be3 e5 15. Qb6
Qxb6 16. Bxb6 d4 17. Nd5 Nxd5 18. exd5 Bd6 19. Rfe1 Kd7 20. Ba5 Rac8 21. Rac1
f6 22. h4 Bc5 23. Kf1 Kd6 24. c3 Bxd5 25. cxd4 Bxg2+ 26. Kxg2 Bxd4 27. Bb4+ Kd5
28. Red1 Rhd8 29. Ba5 Rxc1 30. Rxc1 Rd7 31. b3 Ke4 32. Kg3 Be3 33. Rc6 Rd3 34.
Rxa6 Rxb3 35. Bb4 Bd2+ 36. Kf2 Bxb4 37. axb4 Kf4 38. Ra7 Rb2+ 39. Ke1 Kxg4 40.
Rxg7+ Kxh4 0-1

[Event "XIII OGOLNOPOLSKA OLIMPIADA MLODZIEZY -"]
[Site "Turawa"]
[Date "2007.04.30"]
[Round "5.15"]
[White "Barski, Radoslaw"]
[Black "Kadziela, Konrad"]
[Result "1-0"]
[WhiteElo "1987"]
[BlackElo "1831"]
[PlyCount "113"]
[EventDate "2007.??.??"]

1. e4 e6 2. d4 d5 3. Nd2 dxe4 4. Nxe4 Nc6 5. Nf3 Be7 6. Bd3 Nf6 7. O-O O-O 8.
c3 b6 9. Qc2 h6 10. Ne5 Bb7 11. Nxf6+ Bxf6 12. Be4 Na5 13. b4 Bxe5 14. dxe5 Nc6
15. Rd1 Qc8 16. Qe2 Ne7 17. c4 Bxe4 18. Qxe4 Rd8 19. Bf4 Qa6 20. a4 Qxa4 21.
Bd2 Qc6 22. Qg4 Ng6 23. Bc3 Rxd1+ 24. Rxd1 a5 25. b5 Qc5 26. Qe4 Re8 27. h4 Ne7
28. Rd7 c6 29. Qd3 cxb5 30. cxb5 Nd5 31. Bd4 Qc1+ 32. Kh2 Qc8 33. Rd6 Qb7 34.
Qe4 Rb8 35. f4 g6 36. h5 Ne7 37. Qxb7 Rxb7 38. Rxb6 Rxb6 39. Bxb6 a4 40. Bc5
Nc8 41. b6 Nxb6 42. Bxb6 a3 43. Bd4 a2 44. Kh3 Kg7 45. Kg4 Kh7 46. Bb2 Kg7 47.
Kf3 Kh7 48. g4 Kg7 49. Ke4 Kf8 50. f5 gxf5+ 51. gxf5 Ke7 52. fxe6 fxe6 53. Kd4
Kd7 54. Kc5 Kc7 55. Ba1 Kd7 56. Kb6 Ke7 57. Kc7 1-0

[Event "XIII OGOLNOPOLSKA OLIMPIADA MLODZIEZY -"]
[Site "Turawa"]
[Date "2007.04.30"]
[Round "5.16"]
[White "Wiewiora, Eneasz"]
[Black "Grzesiak, Filip"]
[Result "0-1"]
[WhiteElo "1876"]
[BlackElo "1896"]
[PlyCount "96"]
[EventDate "2007.??.??"]

1. e4 c5 2. c3 g6 3. d4 cxd4 4. cxd4 d5 5. exd5 Nf6 6. Nc3 Nxd5 7. Nf3 Bg7 8.
Be2 Nc6 9. O-O O-O 10. Be3 Be6 11. Qd2 Qd7 12. Rfd1 Rfd8 13. Rac1 Nb6 14. Ne4
Bd5 15. Nc5 Qc7 16. Qe1 Rac8 17. Nb3 Qb8 18. Kh1 Qd6 19. Nc5 Rc7 20. Qd2 Bxf3
21. Bxf3 Bxd4 22. Bxd4 Qxd4 23. Qh6 Qg7 24. Rxd8+ Nxd8 25. Qf4 Qxb2 26. Rd1
Rxc5 27. Rxd8+ Kg7 28. h3 Qc1+ 29. Qxc1 Rxc1+ 30. Kh2 Rc2 31. Bxb7 Rxf2 32. a4
Nxa4 33. Ra8 Nc5 34. Bf3 a6 35. Kg3 Ra2 36. Kf4 Kf6 37. g4 Ra4+ 38. Kg3 Ra3 39.
Rc8 Ne4+ 40. Kf4 Nd6 41. g5+ Kg7 42. Rc7 Nf5 43. Bg4 Ra4+ 44. Ke5 Ra5+ 45. Kf4
h5 46. Bf3 Ra3 47. Ra7 e5+ 48. Ke4 Re3+ 0-1

[Event "XIII OGOLNOPOLSKA OLIMPIADA MLODZIEZY -"]
[Site "Turawa"]
[Date "2007.04.30"]
[Round "5.17"]
[White "Lukasiewicz, Aleksander"]
[Black "Jacek, Krystian"]
[Result "0-1"]
[WhiteElo "1816"]
[BlackElo "1858"]
[PlyCount "68"]
[EventDate "2007.??.??"]

1. e4 c5 2. Nf3 d6 3. d4 cxd4 4. Nxd4 Nf6 5. Nc3 e6 6. Bc4 a6 7. Bb3 Nc6 8. Be3
Be7 9. O-O O-O 10. f4 Qc7 11. f5 Nxd4 12. Qxd4 Ng4 13. Rae1 Nxe3 14. Qxe3 Qc5
15. Kh1 Qxe3 16. Rxe3 b5 17. Ne2 Bf6 18. c3 Re8 19. Nd4 Bxd4 20. cxd4 exf5 21.
Bd5 Ra7 22. Ref3 Be6 23. Bc6 fxe4 24. Rf4 Ree7 25. d5 Bc8 26. Re1 f5 27. h4 h5
28. Re3 g6 29. Kg1 Bd7 30. Rc3 Rc7 31. Rg3 Kh7 32. Bxd7 Rcxd7 33. Ra3 Ra7 34.
Re3 Re5 0-1

[Event "XIII OGOLNOPOLSKA OLIMPIADA MLODZIEZY -"]
[Site "Turawa"]
[Date "2007.04.30"]
[Round "5.18"]
[White "Ancuta, Adam"]
[Black "Lorek, Milosz"]
[Result "1/2-1/2"]
[WhiteElo "1817"]
[BlackElo "1852"]
[PlyCount "51"]
[EventDate "2007.??.??"]

1. e4 e6 2. d4 d5 3. e5 c5 4. c3 Qb6 5. Nf3 Nc6 6. Bd3 Bd7 7. Bc2 cxd4 8. cxd4
Nb4 9. Nc3 Nxc2+ 10. Qxc2 Ne7 11. O-O Nc6 12. Be3 Be7 13. Rfd1 Rc8 14. Rac1 Na5
15. b3 Ba3 16. Rb1 Bb4 17. Bd2 Qc7 18. Rbc1 Ba3 19. Rb1 b5 20. Qd3 b4 21. Nb5
Bxb5 22. Qxb5+ Nc6 23. h3 Qb6 24. Qd3 h6 25. Re1 Rc7 26. Bc1 1/2-1/2

[Event "XIII OGOLNOPOLSKA OLIMPIADA MLODZIEZY -"]
[Site "Turawa"]
[Date "2007.04.30"]
[Round "5.19"]
[White "Chudzik, Tomasz"]
[Black "Raczynski, Milosz"]
[Result "1-0"]
[WhiteElo "1914"]
[BlackElo "1563"]
[PlyCount "73"]
[EventDate "2007.??.??"]

1. e4 c5 2. Nf3 d6 3. d4 cxd4 4. Nxd4 Nf6 5. Nc3 a6 6. Be2 e5 7. Nb3 Be7 8. Be3
Be6 9. g4 Qc7 10. g5 Nfd7 11. Qd2 O-O 12. O-O-O Nc5 13. Nd5 Nxb3+ 14. axb3 Bxd5
15. Qxd5 Nd7 16. h4 a5 17. Bb5 Rfc8 18. Bc4 Rf8 19. Qb5 Rfc8 20. Rd5 g6 21.
Rhd1 a4 22. R1d3 axb3 23. Bxb3 b6 24. Rc3 Ra1+ 25. Kd2 Nc5 26. Ke2 Rh1 27. Qc4
Rf8 28. Ba2 Rxh4 29. b4 Rxe4 30. Qxe4 Nxe4 31. Rxc7 Ra8 32. Bb3 Bd8 33. Rc4
Nxg5 34. Bxg5 Bxg5 35. Rxd6 h5 36. Rc7 Kg7 37. Bxf7 1-0

[Event "XIII OGOLNOPOLSKA OLIMPIADA MLODZIEZY -"]
[Site "Turawa"]
[Date "2007.04.30"]
[Round "5.23"]
[White "Grabowski, Adam"]
[Black "Kropidlowski, Maciej"]
[Result "0-1"]
[WhiteElo "1793"]
[BlackElo "1750"]
[PlyCount "90"]
[EventDate "2007.??.??"]

1. d4 Nf6 2. c4 e5 3. e3 exd4 4. exd4 Bb4+ 5. Bd2 Bxd2+ 6. Nxd2 O-O 7. Bd3 d5
8. Ne2 dxc4 9. Bxc4 Nc6 10. Nb3 Bf5 11. O-O Qd6 12. Ng3 Bg6 13. Bd3 b6 14. Bxg6
hxg6 15. Rc1 Rad8 16. Ne2 Ng4 17. g3 Rfe8 18. a3 g5 19. h3 Nf6 20. Re1 Ne4 21.
Qc2 Qf6 22. Rf1 Rd6 23. d5 Ne5 24. f4 Nd7 25. Nd2 Nec5 26. Nc3 a6 27. Rce1 Rxe1
28. Rxe1 gxf4 29. g4 Qh4 30. Re8+ Nf8 31. Qf5 Qg3+ 32. Kf1 Qxh3+ 33. Ke2 f3+
34. Nxf3 Rf6 35. Rxf8+ Kxf8 36. Qc8+ Ke7 37. Qxc7+ Nd7 38. d6+ Rxd6 39. Ne4 Re6
40. Nfg5 Qxg4+ 41. Kd3 Re5 42. Qd6+ Ke8 43. Qc6 Rxg5 44. Nd6+ Ke7 45. Nc8+ Kd8
0-1

[Event "XIII OGOLNOPOLSKA OLIMPIADA MLODZIEZY -"]
[Site "Turawa"]
[Date "2007.04.30"]
[Round "6.1"]
[White "Strzemiecki, Zbigniew"]
[Black "Swiercz, Dariusz"]
[Result "1/2-1/2"]
[WhiteElo "2285"]
[BlackElo "2248"]
[PlyCount "46"]
[EventDate "2007.??.??"]

1. e4 c5 2. Nf3 d6 3. d4 cxd4 4. Nxd4 Nf6 5. Nc3 a6 6. f3 e5 7. Nb3 Be7 8. Be3
Be6 9. Qd2 O-O 10. O-O-O Qc7 11. g4 Rc8 12. g5 Nh5 13. Kb1 Nd7 14. Rg1 g6 15.
Nd5 Bxd5 16. exd5 a5 17. Nc1 Bf8 18. Qf2 Nf4 19. h4 a4 20. a3 Bg7 21. Na2 Nc5
22. Rh1 Qe7 23. Nb4 Rc7 1/2-1/2